[Event "WchT Rapid"]
[Site "London"]
[Date "2025.06.11"]
[Round "1.4"]
[White "Gallagher, Daniel GH"]
[Black "Al Mudahka, Mohd"]
[Result "1/2-1/2"]
[WhiteElo "2063"]
[BlackElo "2479"]
[PlyCount "63"]
[EventDate "2025.06.11"]
[EventType "team-swiss"]
[EventRounds "12"]
[EventCountry "ENG"]
[SourceTitle "CB25_2025"]
[SourceDate "2025.06.18"]
[SourceVersion "1"]
[SourceVersionDate "2025.06.18"]
[SourceQuality "1"]
[WhiteTeam "Oxbridge"]
[BlackTeam "FIDE MB Team"]
[WhiteTeamCountry "ENG"]

1. Nf3 Nf6 2. g3 g6 3. Bg2 Bg7 4. d4 0-0 5. 0-0 d6 6. Nc3 Nc6 7. d5 Na5 8. Nd4 Bd7 9. b3 Qc8 10. Bb2 c5 11. dxc6 Nxc6 12. e4 Bh3 13. Nd5 Nxd5 14. Bxh3 Qxh3 15. exd5 Ne5 16. Qe2 Rac8 17. c4 a6 18. a4 h5 19. f4 Ng4 20. Rfe1 h4 21. Qg2 Qxg2+ 22. Kxg2 hxg3 23. hxg3 Rfe8 24. Re2 e5 25. dxe6 fxe6 26. Rae1 e5 27. fxe5 Rxe5 28. Kf3 Nh2+ 29. Kg2 Ng4 30. Kf3 Nh2+ 31. Kg2 Ng4 32. Kf3 1/2-1/2

[Event "Chania Theodorakis Memorial 4th"]
[Site "Chania"]
[Date "2025.04.25"]
[Round "7"]
[White "Sadzikowski, Daniel"]
[Black "Gallagher, Daniel GH"]
[Result "1/2-1/2"]
[WhiteElo "2495"]
[BlackElo "2226"]
[PlyCount "24"]
[EventDate "2025.04.21"]
[EventType "swiss"]
[EventRounds "9"]
[EventCountry "GRE"]
[SourceTitle "CB20_2025"]
[SourceDate "2025.05.14"]
[SourceVersion "1"]
[SourceVersionDate "2025.05.14"]
[SourceQuality "1"]

1. c4 e5 2. g3 c6 3. Nf3 e4 4. Nd4 d5 5. cxd5 Qxd5 6. Nc2 Nf6 7. Nc3 Qe5 8. Bg2 Na6 9. 0-0 Be7 10. d4 exd3 11. exd3 Bg4 12. Qe1 Qf5 1/2-1/2

[Event "Chania Theodorakis Memorial 4th"]
[Site "Chania"]
[Date "2025.04.24"]
[Round "5"]
[White "Patrelakis, Evaggelos"]
[Black "Gallagher, Daniel GH"]
[Result "1-0"]
[WhiteElo "2424"]
[BlackElo "2226"]
[PlyCount "63"]
[EventDate "2025.04.21"]
[EventType "swiss"]
[EventRounds "9"]
[EventCountry "GRE"]
[SourceTitle "CB20_2025"]
[SourceDate "2025.05.14"]
[SourceVersion "1"]
[SourceVersionDate "2025.05.14"]
[SourceQuality "1"]

1. e4 e6 2. d4 d5 3. e5 c5 4. c3 Nc6 5. Nf3 Bd7 6. Be2 Nge7 7. 0-0 cxd4 8. cxd4 Nf5 9. Nc3 Rc8 10. a3 a6 11. g4 Nh4 12. Nxh4 Qxh4 13. Be3 f6 14. f4 fxe5 15. fxe5 Be7 16. Kg2 Bg5 17. Bf2 Qh6 18. h4 Bxh4 19. Rh1 g5 20. Qd2 Qg7 21. Bxh4 gxh4 22. Rxh4 Ke7 23. Rah1 Rcf8 24. Na4 Be8 25. Nc5 Bg6 26. Kg3 Be4 27. R1h2 Qf7 28. Rh6 Nxd4 29. Rf6 Nxe2+ 30. Rxe2 Qg8 31. Rxe6+ Qxe6 32. Qg5+ 1-0

[Event "Chania Theodorakis Memorial 4th"]
[Site "Chania"]
[Date "2025.04.22"]
[Round "3"]
[White "Gallagher, Daniel GH"]
[Black "Dimitrov, Radoslav"]
[Result "1/2-1/2"]
[WhiteElo "2226"]
[BlackElo "2479"]
[PlyCount "56"]
[EventDate "2025.04.21"]
[EventType "swiss"]
[EventRounds "9"]
[EventCountry "GRE"]
[SourceTitle "CB20_2025"]
[SourceDate "2025.05.14"]
[SourceVersion "1"]
[SourceVersionDate "2025.05.14"]
[SourceQuality "1"]

1. e4 c5 2. Nf3 g6 3. Bc4 Bg7 4. c3 e6 5. d4 cxd4 6. Bb3 d5 7. exd5 exd5 8. Nxd4 Nc6 9. Be3 Nge7 10. 0-0 0-0 11. Na3 Na5 12. Qd2 Nec6 13. Rfe1 Nxb3 14. axb3 Bd7 15. Nac2 a5 16. Bh6 Nxd4 17. Nxd4 Qf6 18. Bxg7 Kxg7 19. h3 a4 20. bxa4 Bxa4 21. Nf3 Bc6 22. Qd4 Qxd4 23. Nxd4 Kf6 24. h4 Bd7 25. f3 Rfe8 26. Kf2 Rxe1 27. Rxe1 Ra2 28. Re2 h6 1/2-1/2

[Event "Rilton Cup 52nd"]
[Site "Stockholm"]
[Date "2025.01.05"]
[Round "9"]
[White "Hedman, Erik"]
[Black "Gallagher, Daniel GH"]
[Result "1/2-1/2"]
[WhiteElo "2269"]
[BlackElo "2203"]
[PlyCount "60"]
[EventDate "2024.12.27"]
[EventType "swiss"]
[EventRounds "9"]
[EventCountry "SWE"]
[SourceTitle "CB02_2025"]
[SourceDate "2025.01.08"]
[SourceVersion "1"]
[SourceVersionDate "2025.01.08"]
[SourceQuality "1"]

1. e4 e6 2. d4 d5 3. exd5 exd5 4. Nf3 Nf6 5. h3 c5 6. Bb5+ Nc6 7. 0-0 Bd6 8. Re1+ Be6 9. dxc5 Bxc5 10. Be3 Bxe3 11. Rxe3 0-0 12. Nd4 Qb6 13. Bxc6 bxc6 14. Rb3 Qc7 15. Re3 Qb6 16. Rb3 Qc7 17. Re3 Bd7 18. b4 a5 19. c3 Rfb8 20. Nc2 Bf5 21. Nba3 Bg6 22. Rb1 axb4 23. cxb4 Qb6 24. Rbb3 h6 25. Nd4 Re8 26. Rec3 Rac8 27. Nac2 Ne4 28. Re3 c5 29. bxc5 Qxc5 30. Nb4 Nf6 1/2-1/2

[Event "Kingston op 3rd"]
[Site "Kingston Upon Thames"]
[Date "2024.08.16"]
[Round "8"]
[White "Gallagher, Daniel GH"]
[Black "Walker, Samuel A"]
[Result "1/2-1/2"]
[WhiteElo "2253"]
[BlackElo "2032"]
[PlyCount "43"]
[EventDate "2024.08.12"]
[EventType "swiss"]
[EventRounds "9"]
[EventCountry "ENG"]
[SourceTitle "CBM 221 Extra"]
[Source "ChessBase"]
[SourceDate "2024.09.30"]
[SourceVersion "1"]
[SourceVersionDate "2024.09.30"]
[SourceQuality "1"]

1. e4 c5 2. Nf3 Nc6 3. Bc4 e6 4. 0-0 Nge7 5. d4 cxd4 6. Nxd4 d5 7. exd5 Nxd5 8. Re1 Be7 9. Nf5 exf5 10. Bxd5 0-0 11. c4 Bf6 12. Nc3 Be6 13. Be3 Rc8 14. Qa4 Bxc3 15. bxc3 Qc7 16. Rad1 f4 17. Bc5 Rfd8 18. Rxe6 fxe6 19. Bxe6+ Kh8 20. Bxc8 Rxc8 21. f3 Qe5 22. Bd4 1/2-1/2

[Event "Kingston op 3rd"]
[Site "Kingston Upon Thames"]
[Date "2024.08.14"]
[Round "5"]
[White "Verma, Shlok"]
[Black "Gallagher, Daniel GH"]
[Result "1/2-1/2"]
[WhiteElo "2060"]
[BlackElo "2253"]
[PlyCount "38"]
[EventDate "2024.08.12"]
[EventType "swiss"]
[EventRounds "9"]
[EventCountry "ENG"]
[SourceTitle "CBM 221 Extra"]
[Source "ChessBase"]
[SourceDate "2024.09.30"]
[SourceVersion "1"]
[SourceVersionDate "2024.09.30"]
[SourceQuality "1"]

1. d4 Nf6 2. c4 g6 3. Nc3 Bg7 4. e4 d6 5. Nge2 Nbd7 6. Ng3 h5 7. Be2 h4 8. Nf1 c6 9. Bg5 Nh7 10. Be3 e5 11. d5 c5 12. Qd2 Bf6 13. g3 Bg5 14. f4 Bh6 15. 0-0-0 Qe7 16. Nb5 0-0 17. f5 Bxe3 18. Nxe3 Ndf6 19. fxg6 fxg6 1/2-1/2

[Event "Kingston op 3rd"]
[Site "Kingston Upon Thames"]
[Date "2024.08.13"]
[Round "2"]
[White "Bharat Kumar, Balahari"]
[Black "Gallagher, Daniel GH"]
[Result "0-1"]
[WhiteElo "2031"]
[BlackElo "2253"]
[PlyCount "70"]
[EventDate "2024.08.12"]
[EventType "swiss"]
[EventRounds "9"]
[EventCountry "ENG"]
[SourceTitle "CBM 221 Extra"]
[Source "ChessBase"]
[SourceDate "2024.09.30"]
[SourceVersion "1"]
[SourceVersionDate "2024.09.30"]
[SourceQuality "1"]

1. d4 Nf6 2. c4 g6 3. Nc3 Bg7 4. e4 d6 5. Be2 0-0 6. Be3 Nc6 7. d5 Ne5 8. f4 Neg4 9. Bd2 Nh6 10. h3 e6 11. dxe6 fxe6 12. g4 Nd7 13. Nf3 Nc5 14. Qc2 a5 15. 0-0-0 c6 16. Be3 b6 17. Rdg1 Nf7 18. g5 a4 19. Nd2 a3 20. b3 Na6 21. Ndb1 d5 22. e5 Nb4 23. Qd2 c5 24. Bf3 Nxe5 25. fxe5 Rxf3 26. Qe2 Rf5 27. Rd1 Bxe5 28. Qg2 Bb7 29. Rhf1 Rxf1 30. Rxf1 Qe7 31. cxd5 exd5 32. Qe2 Ba6 33. Nb5 Bd4 34. Rf3 Bxb5 35. Qxb5 Bxe3+ 0-1

[Event "Kingston op 3rd"]
[Site "Kingston Upon Thames"]
[Date "2024.08.12"]
[Round "1"]
[White "Gallagher, Daniel GH"]
[Black "Patel, Zain"]
[Result "0-1"]
[WhiteElo "2253"]
[BlackElo "2035"]
[PlyCount "80"]
[EventDate "2024.08.12"]
[EventType "swiss"]
[EventRounds "9"]
[EventCountry "ENG"]
[SourceTitle "CBM 221 Extra"]
[Source "ChessBase"]
[SourceDate "2024.09.30"]
[SourceVersion "1"]
[SourceVersionDate "2024.09.30"]
[SourceQuality "1"]

1. e4 e5 2. Nf3 Nc6 3. d4 exd4 4. Nxd4 Nf6 5. Nxc6 bxc6 6. e5 Qe7 7. Qe2 Nd5 8. h4 Qe6 9. Nd2 a5 10. g3 Nb4 11. Nf3 Nxa2 12. Bd2 Nb4 13. Rc1 Qa2 14. Bg2 Ba6 15. c4 Qb3 16. 0-0 Qd3 17. Qd1 Bxc4 18. Rc3 Qe2 19. Qb1 Nd5 20. e6 fxe6 21. Re1 Nxc3 22. Bxc3 Qd3 23. Qc1 Bc5 24. Rd1 Qg6 25. Be5 Be2 26. Re1 Bxf3 27. Qxc5 d6 28. Bxd6 Bxg2 29. Kxg2 cxd6 30. Qxd6 Kf7 31. Qd7+ Kg8 32. Rxe6 Qf7 33. Qxc6 Rf8 34. f4 h5 35. Qd6 Re8 36. f5 Rxe6 37. fxe6 Qb7+ 38. Kg1 Kh7 39. Qe5 Qf3 40. Qc7 Qe3+ 0-1

[Event "Adeje Arona op"]
[Site "Adeje"]
[Date "2024.06.29"]
[Round "9"]
[White "Quparadze, Giga"]
[Black "Gallagher, Daniel GH"]
[Result "1-0"]
[WhiteElo "2494"]
[BlackElo "2243"]
[PlyCount "107"]
[EventDate "2024.06.22"]
[EventType "swiss"]
[EventRounds "10"]
[EventCountry "ESP"]
[SourceTitle "CBM 220 Extra"]
[Source "ChessBase"]
[SourceDate "2024.07.31"]
[SourceVersion "1"]
[SourceVersionDate "2024.07.31"]
[SourceQuality "1"]

1. e4 c5 2. Nf3 d6 3. d4 cxd4 4. Nxd4 Nf6 5. Nc3 a6 6. h3 e5 7. Nb3 Be7 8. g4 h6 9. Be3 b5 10. Nd5 Bb7 11. Bb6 Qc8 12. Nc7+ Kf8 13. f3 Nbd7 14. Nxa8 Qxa8 15. Be3 Bxe4 16. fxe4 Qxe4 17. Qe2 Qxh1 18. 0-0-0 Qc6 19. Bg2 Qc7 20. Qd2 Kg8 21. Na5 d5 22. Bxd5 Nxd5 23. Qxd5 Nf6 24. Qa8+ Kh7 25. Qxa6 Rc8 26. c3 Bc5 27. Bxc5 Qxc5 28. Kb1 Re8 29. Qc6 Qe3 30. Qg2 Qe4+ 31. Qxe4+ Nxe4 32. c4 bxc4 33. Nxc4 Nf2 34. Rf1 Nxh3 35. Rxf7 Ng5 36. Rb7 e4 37. Ne3 Nf3 38. a4 Kg6 39. a5 Ra8 40. b4 Kg5 41. Rxg7+ Kf4 42. Nd5+ Kg3 43. Kc2 Rc8+ 44. Kb2 Rd8 45. Nc3 Re8 46. a6 e3 47. a7 Nd4 48. Re7 Rxe7 49. a8Q e2 50. Nxe2+ Rxe2+ 51. Kc3 Nf3 52. b5 Re3+ 53. Kc4 Kxg4 54. b6 1-0

[Event "Adeje Arona op"]
[Site "Adeje"]
[Date "2024.06.23"]
[Round "3"]
[White "Admiraal, Miguoel"]
[Black "Gallagher, Daniel GH"]
[Result "1-0"]
[WhiteElo "2451"]
[BlackElo "2243"]
[PlyCount "50"]
[EventDate "2024.06.22"]
[EventType "swiss"]
[EventRounds "10"]
[EventCountry "ESP"]
[SourceTitle "CBM 220 Extra"]
[Source "ChessBase"]
[SourceDate "2024.07.31"]
[SourceVersion "1"]
[SourceVersionDate "2024.07.31"]
[SourceQuality "1"]

1. Nf3 Nf6 2. g3 g6 3. Bg2 Bg7 4. 0-0 0-0 5. d4 d6 6. Nc3 d5 7. Re1 c6 8. e4 dxe4 9. Nxe4 Bg4 10. Nxf6+ Bxf6 11. c3 Nd7 12. h3 Bxf3 13. Qxf3 e6 14. h4 Qa5 15. a4 Qf5 16. Qd1 h5 17. Be3 Rfe8 18. Qb3 Rab8 19. Rad1 Nb6 20. Bf4 Rbc8 21. a5 Nd5 22. Be5 Bxe5 23. Rxe5 Qf6 24. Qxb7 Rb8 25. Qxc6 Red8 1-0

[Event "BCF-chT2 2324 (4NCL)"]
[Site "England"]
[Date "2024.05.04"]
[Round "9.12"]
[White "Rees, Ioan"]
[Black "Gallagher, Daniel GH"]
[Result "1/2-1/2"]
[WhiteElo "2289"]
[BlackElo "2214"]
[PlyCount "74"]
[EventDate "2023.11.11"]
[EventType "team-tourn"]
[EventRounds "11"]
[EventCountry "ENG"]
[SourceTitle "CBM 219 Extra"]
[Source "ChessBase"]
[SourceDate "2024.05.31"]
[SourceVersion "1"]
[SourceVersionDate "2024.05.31"]
[SourceQuality "1"]
[WhiteTeam "The Audible Checks"]
[BlackTeam "Cambridge University"]
[WhiteTeamCountry "ENG"]
[BlackTeamCountry "ENG"]

1. d4 Nf6 2. c4 g6 3. Nf3 Bg7 4. e3 0-0 5. Be2 c5 6. d5 e6 7. Nc3 exd5 8. cxd5 d6 9. Nd2 Na6 10. a4 Nb4 11. e4 Ng4 12. 0-0 Ne5 13. f4 Ned3 14. Nf3 Nxc1 15. Rxc1 Bg4 16. Ng5 Bxe2 17. Qxe2 Re8 18. Qc4 h6 19. Nf3 a6 20. Rfe1 Rb8 21. e5 b5 22. axb5 axb5 23. Nxb5 dxe5 24. fxe5 Qxd5 25. Qxd5 Nxd5 26. Rxc5 Nf4 27. Nd6 Re7 28. Rc2 Nd3 29. Ree2 Nxe5 30. Nxe5 Bxe5 31. Nc4 Bd4+ 32. Kf1 Reb7 33. g3 h5 34. Kg2 Rb3 35. Na5 Rd3 36. Nc6 Rbb3 37. Nxd4 Rxd4 1/2-1/2

[Event "Southend op"]
[Site "Southend"]
[Date "2024.03.30"]
[Round "6"]
[White "Kawulok, Marek"]
[Black "Gallagher, Daniel GH"]
[Result "0-1"]
[WhiteElo "2245"]
[BlackElo "2219"]
[PlyCount "58"]
[EventDate "2024.03.28"]
[EventType "swiss"]
[EventRounds "9"]
[EventCountry "ENG"]
[SourceTitle "CBM 219 Extra"]
[Source "ChessBase"]
[SourceDate "2024.05.31"]
[SourceVersion "1"]
[SourceVersionDate "2024.05.31"]
[SourceQuality "1"]

1. d4 Nf6 2. c4 g6 3. Nc3 Bg7 4. e4 d6 5. h3 0-0 6. Be3 Nc6 7. Nge2 a6 8. f3 Rb8 9. Qd2 b5 10. cxb5 axb5 11. d5 Ne5 12. Nd4 b4 13. Ncb5 e6 14. Qc2 exd5 15. f4 Nxe4 16. fxe5 Bd7 17. Nxc7 dxe5 18. Nf3 Ng3 19. Rg1 Rc8 20. Bb6 e4 21. Nd2 Qf6 22. Qc5 e3 23. Qxe3 Rfe8 24. Nxe8 Rxe8 25. Qxe8+ Bxe8 26. Bf2 Qe5+ 27. Kd1 Qxb2 28. Rc1 Ba4+ 29. Nb3 Qxf2 0-1

[Event "BCF-chT2 2324 (4NCL)"]
[Site "England"]
[Date "2024.02.10"]
[Round "5.13"]
[White "Gallagher, Daniel GH"]
[Black "Lewis, Andrew P"]
[Result "0-1"]
[WhiteElo "2214"]
[BlackElo "2237"]
[PlyCount "81"]
[EventDate "2023.11.11"]
[EventType "team-tourn"]
[EventRounds "11"]
[EventCountry "ENG"]
[SourceTitle "CBM 219 Extra"]
[Source "ChessBase"]
[SourceDate "2024.05.31"]
[SourceVersion "1"]
[SourceVersionDate "2024.05.31"]
[SourceQuality "1"]
[WhiteTeam "Cambridge University"]
[BlackTeam "Anglian Avengers"]
[WhiteTeamCountry "ENG"]
[BlackTeamCountry "ENG"]

1. e4 c5 2. Nf3 Nc6 3. Bb5 d6 4. 0-0 Bd7 5. c3 a6 6. Ba4 Nf6 7. Re1 b5 8. Bc2 Bg4 9. h3 Bh5 10. g4 Bg6 11. d3 e6 12. Nbd2 d5 13. Qe2 Be7 14. Nh4 Qc7 15. Ndf3 Rd8 16. Ng5 c4 17. Nxg6 hxg6 18. exd5 Rxd5 19. dxc4 Re5 20. Be3 Bc5 21. Bxc5 Rxe2 22. Rxe2 Nxg4 23. f4 Qxf4 24. Nxf7 Rxh3 25. Bxg6 Rg3+ 26. Rg2 Rxg2+ 27. Kxg2 Ne3+ 28. Bxe3 Qg4+ 29. Kf2 Qxg6 30. Nd6+ Ke7 31. Rd1 Ne5 32. Nc8+ Ke8 33. Nd6+ Kf8 34. Rf1 Kg8 35. Bd4 Ng4+ 36. Ke2 Qc2+ 37. Ke1 e5 38. Bc5 Qxb2 39. Nf5 Qxc3+ 40. Kd1 Qa1+ 41. Ke2 0-1

[Event "BCF-chT 2122 (4NCL)"]
[Site "England"]
[Date "2021.11.27"]
[Round "1.125"]
[White "Gallagher, Daniel GH"]
[Black "White, Stuart A"]
[Result "1-0"]
[WhiteElo "2204"]
[BlackElo "2041"]
[PlyCount "53"]
[EventDate "2021.11.27"]
[EventType "team-swiss"]
[EventRounds "11"]
[EventCountry "ENG"]
[SourceTitle "EXT 2023"]
[Source "ChessBase"]
[SourceDate "2022.10.05"]
[SourceVersion "1"]
[SourceVersionDate "2022.10.05"]
[SourceQuality "1"]
[WhiteTeam "Cambridge University"]
[BlackTeam "Alba"]
[WhiteTeamCountry "ENG"]
[BlackTeamCountry "ENG"]

1. e4 c5 2. Nf3 d6 3. d4 cxd4 4. Qxd4 Nc6 5. Qe3 Nf6 6. Be2 g6 7. 0-0 Bg7 8. Rd1 0-0 9. Nc3 Ng4 10. Qg5 Bxc3 11. bxc3 Qa5 12. Qh4 f6 13. Bd2 Qc7 14. Nd4 Nge5 15. f4 Nxd4 16. cxd4 Nc4 17. Bc1 Bd7 18. Qg3 Rac8 19. f5 Kf7 20. Qh3 Rh8 21. Bxc4+ Qxc4 22. fxg6+ hxg6 23. Qxd7 Qxc2 24. Re1 Qd3 25. Be3 Rc2 26. Qxb7 Rf8 27. e5 1-0